Personne, droit et justice : La contribution du droit canonique dans l’expérience juridique contemporaine (notice n° 1638724)

détails MARC
000 -LEADER
fixed length control field 01657cam a2200133 4500500
005 - DATE AND TIME OF LATEST TRANSACTION
control field 20260201002555.0
041 ## - LANGUAGE CODE
Language code of text/sound track or separate title fre
042 ## - AUTHENTICATION CODE
Authentication code dc
100 10 - MAIN ENTRY--PERSONAL NAME
Personal name Danto, Ludovic
Relator term author
245 00 - TITLE STATEMENT
Title Personne, droit et justice : La contribution du droit canonique dans l’expérience juridique contemporaine
260 ## - PUBLICATION, DISTRIBUTION, ETC.
Name of publisher, distributor, etc. Éditions du Cerf,<br/>
Date of publication, distribution, etc. 2024.<br/>
520 ## - SUMMARY, ETC.
Summary, etc. Quelle que soit la place du droit canonique au regard des droits séculiers qu’il rencontre – entre reconnaissance concordataire ou reconnaissance simple de règlement intérieur –, celui-ci offre un lieu de réflexion à l’expérience juridique contemporaine. En partant du trinôme « personne, droit, justice », le droit canonique entend proposer une réponse à l’art du juste pour aujourd’hui, entre principes universels, qu’ils soient théologiques, philosophiques, juridiques, ou sociologiques et normes particulières dans leur historicité ou positivité, et ce dans un dialogue constant avec les différents corpus de droits. Fruit du dix-septième Congrès de droit canonique de la Consociatio Internationalis studio iuris canonici promovendo, accueilli par la Faculté de droit canonique de l’Institut catholique de Paris, le présent ouvrage, entre fondements du droit et élaborations normatives, propose une interprétation du droit canonique dans sa théorie et sa pratique. Ce positionnement se confronte et répond à l’expérience des sujets de droit vivant un pluralisme juridique de fait en tant que citoyens et fidèles du Christ.
856 41 - ELECTRONIC LOCATION AND ACCESS
Uniform Resource Identifier <a href="https://droit.cairn.info/personne-droit-et-justice--9782204158466?lang=fr&redirect-ssocas=7080">https://droit.cairn.info/personne-droit-et-justice--9782204158466?lang=fr&redirect-ssocas=7080</a>

Pas d'exemplaire disponible.

PLUDOC

PLUDOC est la plateforme unique et centralisée de gestion des bibliothèques physiques et numériques de Guinée administré par le CEDUST. Elle est la plus grande base de données de ressources documentaires pour les Étudiants, Enseignants chercheurs et Chercheurs de Guinée.

Adresse

627 919 101/664 919 101

25 boulevard du commerce
Kaloum, Conakry, Guinée

Réseaux sociaux

Powered by Netsen Group @ 2025